| 000 | 00394nam a2200145Ia 4500 | ||
|---|---|---|---|
| 008 | 150201s2011 xx 000 0 und d | ||
| 082 |
_a617.525 _bL2011B |
||
| 100 | _aBENNETT,C.R. | ||
| 245 | _aLOCAL ANESTHESIA & PAIN CONTROL IN DENTAL PRACTICE | ||
| 250 | _a7TH | ||
| 260 |
_bC.B.S PUBLISHERS & DISTRIBUTERS _aDELHI _c2011 |
||
| 300 | _a1-404 | ||
| 650 | _aORAL SURGERY | ||
| 942 |
_2ddc _cBK _079 |
||
| 999 |
_c4679 _d4679 |
||